| 000 | 00551nam a22001937a 4500 | ||
|---|---|---|---|
| 007 | 00 | ||
| 008 | 160615b xxu||||| |||| 00| 0 eng d | ||
| 020 | _a978-2-10-051021-4 | ||
| 040 |
_aBUAC _cBUC |
||
| 041 | _aFre. | ||
| 100 | _aPointhus, Olivier | ||
| 245 |
_aGuide pratique du tournage vidéo _c/par Olivier Pointhus |
||
| 260 |
_aParis : _bDunod, _c2008 |
||
| 300 |
_a134 p. _bCouv. ill. en coul _c21 cm . |
||
| 521 | _aBibliogr. p. 131 ; Index. pp. 133 -135 | ||
| 630 | _aSCIENCES APPLIQUEES | ||
| 650 | _2Vidéo : tournage | ||
| 942 | _cLIVR | ||
| 999 |
_c54590 _d54590 |
||